Письмо Гулаченко Л. неустановленному лицу с обращением "Иван Петрович"

Доступно только в Электронных читальных залах Найти на картеНа карте
RUSMARC
00003594nac2a22002411x 450
001c517db2f-042a-4c5c-b496-1ea5bb7c29f3
00520131009130409.0
100##$a20130529l1927 k y0rusy50 ca
1010#$arus
102##$aRU
105##$ay z |||||
2001#$aПисьмо Гулаченко Л. неустановленному лицу с обращением "Иван Петрович"
$j[19--]
215##$a2 листа
251##$cДело
300##$aРукописный текст
330##$aДокументальные материалы, отложившиеся в результате творческой деятельности А. Ф. Кони; Документальные материалы, собранные А. Ф. Кони для своих работ; К биографическим очеркам, мемуарам и другим работам А. Ф. Кони
461#0$10013a54f2e3-e9cf-409b-80fa-f0a9bd3c40cb
$12001
$aКони Анатолий Федорович, юрист, литератор, член академии наук, председатель Санкт-Петербургского окружного суда, член государственного совета
$1251
$cФонд
$1852
$j564
462#0$100178a475cd-a47d-4377-bff3-cee4b81de655
$12001
$aОпись дел фонда А. Ф. Кони за 1880-1931 гг.
$1251
$cОпись
$1852
$j1
600#1$aКони
$bА. Ф.
$f1844-1927
$gАнатолий Федорович
600#1$aГулаченко
$bЛ.
801#0$aRU
$bGA_RF
801#1$aRU
$bНПО Опыт
$c20130529
$2rusmarc
801#2$aRU
$bПБ им. Б.Н. Ельцина
$c20131009
$gRCR
$2rusmarc
852##$aГА РФ
$j436
937##$d38629752
$hПБ
035##$aRuPRLIB51001305
Формат отображения